| 000 | 004670000a22001930004500 | ||
|---|---|---|---|
| 005 | 20120302052331.0 | ||
| 942 | _cBOOK | ||
| 100 | _a Ramsay, Dean | ||
| 245 | _a Reniniscences of scottish life & character | ||
| 260 |
_aLondon: _bRobert Grant, _c1947 |
||
| 300 | _axii,379p | ||
| 040 | _aENG | ||
| 365 | _bRs. | ||
| 650 | _aHistory | ||
| 650 | _aScottish-Religious | ||
| 650 | _aOld Scottish-Domestic | ||
| 650 | _aScottish-Judges | ||
| 650 | _aScottish-Story | ||
| 999 |
_c339826 _d339823 |
||